Manual de prevenció i control de les malalties venèries
Publicado:
Barcelona :
Secretaria General Tècnica del Departament de Sanitat i Seguretat Social ,
1981
Descripción Física:
62 p. ; 21 cm
Colección:
Quaderns de Salut ; 5
Otros Autores:
Catalunya. Direcció General de Promoció de la Salut
MARC
| LEADER | 00000nam a2200000Ia 4500 | ||
|---|---|---|---|
| 001 | 1389 | ||
| 008 | 160829s1981 xx 000 0 cat d | ||
| 080 | |a C-1-345 | ||
| 245 | |a Manual de prevenció i control de les malalties venèries | ||
| 260 | |a Barcelona : |b Secretaria General Tècnica del Departament de Sanitat i Seguretat Social, |c 1981 | ||
| 300 | |a 62 p. ; |c 21 cm | ||
| 490 | |a Quaderns de Salut ; 5 | ||
| 590 | |a A la part superior de la portada, Generalitat de Catalunya. Departament de Sanitat i Seguretat Social. Direcció General de Promoció de la Salut. | ||
| 650 | 0 | |a Malalties de transmissió sexual |x Prevenció |9 19822 | |
| 700 | |a Catalunya. Direcció General de Promoció de la Salut |9 36966 | ||
| 901 | |a Arxiu | ||
| 942 | |n 1 | ||
| 952 | |0 0 |1 0 |4 0 |6 C1345 |7 1 |9 41334 |a Arxiu |b Arxiu |d 2016-12-01 |l 0 |o C-1-345 |p 1389 |r 2016-12-01 00:00:00 |w 2016-12-01 |y ARXIU | ||
| 999 | |c 43142 |d 43142 | ||